Dubai 24 hours : (Registro nro. 4491)

Detalles MARC
000 -LEADER
fixed length control field 00899nam a2200241Ia 4500
003 - CONTROL NUMBER IDENTIFIER
control field OSt
005 - DATE AND TIME OF LATEST TRANSACTION
control field 20200918171702.0
008 - FIXED-LENGTH DATA ELEMENTS--GENERAL INFORMATION
fixed length control field 191128s2003 ts ao gr 000 0deng d
020 ## - INTERNATIONAL STANDARD BOOK NUMBER
International Standard Book Number 1860631533
040 ## - CATALOGING SOURCE
Original cataloging agency CO-JMCR
Transcribing agency CO-JMCR
041 0# - LANGUAGE CODE
Language code of text/sound track or separate title eng
082 04 - DEWEY DECIMAL CLASSIFICATION NUMBER
Classification number 915.357 /
Item number T629d
Edition number 23
100 1# - MAIN ENTRY--PERSONAL NAME
Personal name Tobias, Michael,
Relator term autor
9 (RLIN) 10545
245 10 - TITLE STATEMENT
Title Dubai 24 hours :
Remainder of title as experienced by a team of Dubai's leading photographers /
Statement of responsibility, etc. written by Michael Tobias
260 ## - PUBLICATION, DISTRIBUTION, ETC.
Place of publication, distribution, etc. Dubai :
Name of publisher, distributor, etc. Alarabiya Productions : Motivate Publishing,
Date of publication, distribution, etc. 2003
300 ## - PHYSICAL DESCRIPTION
Extent 168 páginas :
Other physical details principalmente fotografías a color ;
Dimensions 32 cm.
500 ## - GENERAL NOTE
General note Incluye datos biográficos del autor en solapa.
546 ## - LANGUAGE NOTE
Language note Texto en Inglés
650 14 - SUBJECT ADDED ENTRY--TOPICAL TERM
Topical term or geographic name entry element Turismo
Geographic subdivision Dubai
9 (RLIN) 10546
651 #4 - SUBJECT ADDED ENTRY--GEOGRAPHIC NAME
Geographic name Dubai (Emiratos Arabes)
General subdivision descripción Dubai
9 (RLIN) 10547
651 #4 - SUBJECT ADDED ENTRY--GEOGRAPHIC NAME
Geographic name Dubai (Emiratos Arabes)
General subdivision vida social y costumbres
9 (RLIN) 10548
942 ## - ADDED ENTRY ELEMENTS (KOHA)
Source of classification or shelving scheme Dewey Decimal Classification
Koha item type Books
Existencias
Withdrawn status Lost status Source of classification or shelving scheme Damaged status Not for loan Collection code Home library Current library Date acquired Source of acquisition Full call number Barcode Date last seen Copy number Koha item type
    Dewey Decimal Classification     Non-fiction Biblioteca Pública José María del Castillo y Rada Biblioteca Pública José María del Castillo y Rada 12/12/2018 Donación 915.357 / T629d 201809487 05/16/2024 Ej.1 Books